| 000 | 01503nam a2200301Ia 4500 | ||
|---|---|---|---|
| 999 |
_c5475 _d5475 |
||
| 003 | OSt | ||
| 005 | 20200609184059.0 | ||
| 008 | 191128s1978 mx gr 000 0 spa d | ||
| 020 | _a9682302358 | ||
| 040 |
_aCO-JMCR _cCO-JMCR |
||
| 041 | 1 |
_aspa _heng |
|
| 082 | 0 | 4 |
_a330.122 / _bD632e _223 |
| 100 | 1 |
_aDobb, Maurice, _eautor _92560 |
|
| 245 | 1 | 0 |
_aEstudios sobre el desarrollo del capitalismo / _cMaurice Dobb ; traducción de Luis Etcheverry ; revisión técnica de Reyna Pastor de Togneri |
| 250 | _aDécima edición | ||
| 260 |
_aMéxico : _bSiglo veintiuno, _c1978 |
||
| 300 |
_a496 páginas ; _c20 cm. |
||
| 490 | 0 | _aHistoria | |
| 505 | _aCapitalismo -- La declinación del feudalismo y el crecimiento de las ciudades -- Los comienzos de la burguesía -- El surgimiento del capital industrial -- Acumulación de capital y mercantilismo -- Crecimiento del proletariado -- La revolución industrial | ||
| 520 | _aEste libro es ya un clásico en el estudio de los orígenes y las primeras etapas del capitalismo. De entre las múltiples discusiones que sus tesis originaron se destaca aquella que, suscitada por una nota crítica de Paul Sweezy. | ||
| 534 | _pStudies in the development of capitalism | ||
| 546 | _aTraducido del inglés | ||
| 650 | 1 | 4 |
_aCapitalismo _xDesarrollo económico _95305 |
| 651 | 2 | 4 |
_2Revolución industrial _xFeudalismo Capital _95306 |
| 700 | 1 |
_aEcheverry, Luis, _etraductor _95307 |
|
| 700 | 1 |
_aPastor de Togneri, Reyna, _erevisora _95308 |
|
| 942 |
_2ddc _cBK |
||